Central Library OPAC University of Rajshahi

Repetition : (Record no. 23144)

MARC details
000 -LEADER
fixed length control field 00764nam a2200217 a 4500
001 - CONTROL NUMBER
control field 23144
003 - CONTROL NUMBER IDENTIFIER
rucl marc code BD-RjUL
005 - DATE AND TIME OF LATEST TRANSACTION
control field 20211209000909.0
008 - FIXED-LENGTH DATA ELEMENTS--GENERAL INFORMATION
fixed length control field 140408r19461941-us 1 eng u
035 ## - SYSTEM CONTROL NUMBER
System control number (BD-RjUL)23209
040 ## - CATALOGING SOURCE
Original cataloging agency KSU
Transcribing agency KSU
Modifying agency OCL
-- BOS
-- BD-RjUL
Language of cataloging eng
041 ## - LANGUAGE CODE
Language code of text/sound track or separate title eng
082 ## - DEWEY DECIMAL CLASSIFICATION NUMBER
Edition number 21
Classification number 150.724
Author mark and year KIR 1946
100 1# - MAIN ENTRY--PERSONAL NAME
Personal name Kierkegaard, S.
Dates associated with a name 1813-1855.
9 (RLIN) 91013
245 10 - TITLE STATEMENT
Title Repetition :
Remainder of title an essay in experimental psychology /
Statement of responsibility, etc. by S. Kierkegaard ; translated with introduction and notes by Walter Lowrie.
260 ## - PUBLICATION, DISTRIBUTION, ETC. (IMPRINT)
Place of publication, distribution, etc. London :
Name of publisher, distributor, etc. Oxford University Press,
Date of publication, distribution, etc. c1941 [printing 1946].
300 ## - PHYSICAL DESCRIPTION
Pagination xlii, 174 p.
Size 19 cm.
504 ## - BIBLIOGRAPHY, ETC. NOTE
Bibliography, etc Includes bibliographical references and index
700 1# - ADDED ENTRY--PERSONAL NAME
Personal name Lowrie, Walter, tr.
Dates associated with a name 1868-1959.
942 ## - ADDED ENTRY ELEMENTS (KOHA)
Source of classification or shelving scheme Dewey Decimal Classification
Koha item type Books
Holdings
Lost status Source of classification or shelving scheme Damaged status Not for loan Collection code Permanent Location Current Location Shelving location Date acquired Source of acquisition Cost, normal purchase price Total Checkouts Full call number Date last seen Copy number Koha item type
  Dewey Decimal Classification   Added to bundle Non-fiction Central Library, University of Rajshahi Central Library, University of Rajshahi Reading Room 10/08/1955 O.U.P. 12.00   150.724 KIR 1946 08/04/2014 C-1 Books